000 00527nam a22001577a 4500
003 macl
005 20150807172106.0
008 150807b xxu||||| |||| 00| 0 eng d
040 _cmacl
082 _a001
100 _aअरिहंत
_94827
245 _a15 प्रैक्टिस सेट्स FCI असिस्‍टेंट-III भर्ती परीक्षा
260 _aमेरठ
_bअरिहन्‍त पब्लिकेशन्‍स
_c2015
650 _aG.K.
_94828
942 _2ddc
_cBK
999 _c50211
_d50211